000 00320nam a2200133Ia 4500
008 240624s9999 xx 000 0 und d
041 _aeng
082 _a332.632 DUN
100 _aDUN
245 _aEQUITY RESEARCH AND VALUATION
260 _c2007
_aNew Delhi
_bTata McGraw-Hill
300 _a140 : p.
365 _cRS
_b27
999 _c21874
_d21874